000 00912cam a2200205 4500
001 WB4025-06
008 040630n2004 000 0 eng u
035 _a(Sirsi) u126636
245 _aCB Richard Ellis tops London league
260 _c2004
490 _aEstates Gazette
_v(0426) 26 June 2004, 38(1)
520 _aCB Richard Ellis has regained its position as the most successful letting agent in central London. According to EGi London Office Database, the firm disposed of just over one million sq ft in the past three months. However, almost half of this was in a single deal. The agents in second and third place, Jones Lang LaSalle and Cushman and Wakefield Healey and Baker, both recorded massive jumps in disposals.
590 _aWB
590 _aWB
650 _aLETTING AGENTS
650 _aCENTRAL LONDON
650 _aOFFICE MARKET
690 _aCOMMERCIAL PROPERTY
_96227
942 _n0
999 _c117613
_d117613